Normal view MARC view
  • Cooper, William David

Entry Personal Name

Number of records used in: 2

001 - CONTROL NUMBER

  • control field: 103469

003 - CONTROL NUMBER IDENTIFIER

  • control field: NUST

005 - DATE AND TIME OF LATEST TRANSACTION

  • control field: 20221124085311.0

008 - FIXED-LENGTH DATA ELEMENTS

  • fixed length control field: 221124|| aca||aabn | a|a d

040 ## - CATALOGING SOURCE

  • Original cataloging agency: NUST
  • Transcribing agency: NUST

100 ## - HEADING--PERSONAL NAME

  • Personal name: Cooper, William David

670 ## - SOURCE DATA FOUND

  • Source citation: Work cat.: (NUST)181905: Helfrick, Albert D. 103468, Modern electronic instrumentation and measurement techniques /, c1990.
© 2023 Central Library, National University of Sciences and Technology. All Rights Reserved.